Statistics for 29th Canadian Ministry

Click here to take the quiz!

General Stats

  • This quiz has been taken 5 times
  • The average score is 5 of 44

Answer Stats

MinistryIncumbent Minister% Correct
Prime Minister of CanadaJustin Trudeau
100%
Minister of FinanceChrystia Freeland
67%
Deputy Prime Minister of CanadaChrystia Freeland
67%
Minister of Infrastructure and CommunitiesCatherine McKenna
33%
Minister of National RevenueDiane Lebouthillier
33%
Minister of Innovation, Science and IndustryFrançois-Philippe Champagne
33%
Minister of Foreign AffairsMarc Garneau
33%
Minister of Economic Development and Official LanguagesMélanie Joly
33%
Leader of the Government in the House of CommonsPablo Rodriguez
33%
Minister of Canadian HeritageSteven Guilbeault
33%
Minister of Families, Children, and Social DevelopmentAhmed Hussen
0%
Minister of Public Services and ProcurementAnita Anand
0%
Minister of Diversity and Inclusion and YouthBardish Chagger
0%
Minister of Fisheries, Oceans and the Canadian Coast GuardBernadette Jordan
0%
Minister of Public Safety and Emergency PreparednessBill Blair
0%
Minister of Employment, Workforce Development and Disability InclusionCarla Qualtrough
0%
Minister of Crown-Indigenous RelationsCarolyn Bennett
0%
Minister of Northern AffairsDan Vandal
0%
Minister of Justice and Attorney GeneralDavid Lametti
0%
Minister of SeniorsDeb Schulte
0%
President of the Queen's Privy Council for CanadaDominic LeBlanc
0%
Minister of Intergovermental AffairsDominic LeBlanc
0%
Minister of LabourFilomena Tassi
0%
Minister of National DefenceHarjit Sajjan
0%
President of the Treasury BoardJean-Yves Duclos
0%
Minister without PortfolioJim Carr
0%
Special Representative to the PrairiesJim Carr
0%
Minister of Environment and Climate ChangeJonathan Wilkinson
0%
Minister of Digital GovernmentJoyce Murray
0%
Minister of International DevelopmentKarina Gould
0%
Minister of Veterans' AffairsLawrence MacAulay
0%
Associate Minister of National DefenseLawrence MacAulay
0%
Minister of Indigenous ServicesMarc Miller
0%
Minister of Immigration, Refugees and CitizenshipMarco Mendicino
0%
Minister of Agriculture and Agri-FoodMarie-Claude Bibeau
0%
Minister of Rural Economic DevelopmentMaryam Monsef
0%
Minister of Women and Gender EqualityMaryam Monsef
0%
Minister of Small Business and Export PromotionMary Ng
0%
Minister of International TradeMary Ng
0%
Associate Minister of FinanceMona Fortier
0%
Minister of Middle Class ProsperityMona Fortier
0%
Minister of TransportOmar Alghabra
0%
Minister of HealthPatty Hajdu
0%
Minister of Natural ResourcesSeamus O'Regan
0%

Score Distribution

Percentile by Number Answered

Percent of People with Each Score

Your Score History

You have not taken this quiz